| 000 | 00883cam a22002894a 4500 | ||
|---|---|---|---|
| 001 | 12676389 | ||
| 003 | JO-AjAnu | ||
| 005 | 20241016110913.0 | ||
| 008 | 020211s2002 nyua 001 0 eng | ||
| 010 | _a 2002102101 | ||
| 020 | _a0823025144 | ||
| 035 | _a(DLC) 2002102101 | ||
| 040 |
_aDLC _cDLC _dJO-AjAnu |
||
| 041 | _aENG | ||
| 042 | _apcc | ||
| 050 | 0 | 0 |
_aNK2115.5.L5 _bS763 2002 |
| 100 | 1 | _aStorey, Sally. | |
| 245 | 1 | 0 |
_aLighting by design / _cSally Storey. |
| 260 |
_aNew York : _bWatson-Guptill, _c2002. |
||
| 300 |
_a192 p. : _bcol. ill. ; _c29 cm. |
||
| 500 | _aIncludes index. | ||
| 650 | 0 | _aLighting, Architectural and decorative. | |
| 650 | 0 | _aInterior decoration. | |
| 906 |
_a7 _bcbc _corignew _d2 _eepcn _f20 _gy-gencatlg |
||
| 942 |
_2lcc _cBK _n0 |
||
| 999 |
_c33719 _d33719 |
||